000 00787nam a2200265 a 4500
001 4702182
003 OSt
005 20260129095131.0
008 821012s1981 ne a b 001 0 eng
020 _a9070176254
_qpbk.
020 _a9070176386
_qhard
035 _a4702182
040 _aKABLIB
_cKABLIB
_beng
041 0 _aeng
_arda
082 0 0 _a496.3925
_2VIT
100 1 _aVitale, Anthony J.
_914830
245 1 0 _aSwahili syntax /
_cAnthony J. Vitale.
260 _aDordrecht, Holland ;
_aCinnaminson, N.J. :
_bForis Publications,
_c1981.
300 _a214 p. :
_bill. ;
_c24 cm.
500 _aIncludes index.
504 _aBibliography: p. [201]-205.
650 0 _aSwahili language
_xSyntax.
_914831
650 0 _aSwahili language
_xGrammar, Generative.
_914832
942 _2ddc
_cBOOK
999 _c5879
_d5879